000 00599nam a22001937a 4500
003 SISC
005 20160728144210.0
008 160726b xxu||||| |||| 00| 0 eng d
020 _a9789712369513
050 _aPL 6164 .G963 2015
100 _aGuimarie, Aida M.
245 _aKalinangan: workteks sa filipino (wika at panitikan) para sa hayskul 8 /
_cAida M. Guimarie.
250 _aBinagong ed.
260 _aManila :
_bRex Bookstore,
_c2015.
300 _axx, 520 p. :
_bill. ;
_c26 cm.
650 _aFilipino language--Grammar.
650 _aFilipino literature.
942 _2lcc
_cBK
999 _c298059
_d298059